000
00295nam a2200109Ia 4500
001
588810
005
20250717120838.0
008
250717s9999 xx 000 0 und d
245
0
_a
V-14 HAMMİT KIRMIZI BAŞLIKLI SOSİ
_c
M.SALİH SIRMAÇEKİÇ
260
_b
TİMAŞ YAYINLARI
_c
2016
300
_b
120
999
_c
588810
_d
588810